Basic English composition / (Record no. 16771)

000 -LEADER
fixed length control field 00622nam a2200193Ia 4500
020 ## - INTERNATIONAL STANDARD BOOK NUMBER
ISBN 0785429255 (student ed.)
020 ## - INTERNATIONAL STANDARD BOOK NUMBER
ISBN 0785429263 (teacher's ed.)
040 ## - CATALOGING SOURCE
Transcribing agency MNC
082 ## - DEWEY DECIMAL CLASSIFICATION NUMBER
Classification number 001 AGS 2001 A002 Or.
100 1# - MAIN ENTRY--AUTHOR NAME
Personal name Walker, Bonnie L
245 10 - TITLE STATEMENT
Title Basic English composition /
246 30 - VARYING FORM OF TITLE
Title proper/short title AGS basic English composition
260 ## - PUBLICATION, DISTRIBUTION, ETC. (IMPRINT)
Place of publication Circle Pines, MN :
Name of publisher AGS, American Guidance Service,
Year of publication c2003
300 ## - PHYSICAL DESCRIPTION
Number of Pages xii, 338 p. :
Other physical details ill. ;
Dimensions 24 cm. +
Accompanying material Teacher's edition (T18, xiv, 370 p. : ill. ; 28 cm.)
500 ## - GENERAL NOTE
General note Includes index
650 #0 - SUBJECT ADDED ENTRY--TOPICAL TERM
Topical Term English language
710 2# - ADDED ENTRY--CORPORATE NAME
Corporate name or jurisdiction name as entry element American Guidance Service
942 ## - ADDED ENTRY ELEMENTS (KOHA)
Koha item type សៀវភៅភាសាអង់គ្លេស
952 ## - LOCATION AND ITEM INFORMATION (KOHA)
Withdrawn status [LOCAL, KOHA] 0
Holdings
Permanent Location Date acquired Koha item type Lost status Shelving location Barcode Current Location Full call number
Library Block A2018-04-25សៀវភៅភាសាអង់គ្លេស A002A19753Library Block A001 AGS 2001 A002 Or.
មជ្ឈមណ្ឌលឯការនៃសាកលវិទ្យាល័យភូមិន្ទកសិកម្មចំការដូង

Powered by Koha